Estadísticas para Países más Visitados por Presidentes Estadounidenses

Haz click aquí para intentar la prueba.

Estadísticas generales

  • Esta prueba ha sido intentada 2.204 veces
  • La puntuación promedio es 17 de 22

Estadísticas de respuestas

# de visitasPaís% Correcto
37Canadá
98%
10España
98%
38Francia
98%
34México
98%
15Rusia
97%
33Alemania
96%
12China
96%
33Reino Unido
96%
29Italia
94%
20Japón
94%
14Brasil
90%
18Corea del Sur
81%
13Polonia
74%
9Irlanda
73%
9Suiza
73%
16Bélgica
70%
16Egipto
67%
11Arabia Saudita
65%
10Israel
61%
9Filipinas
44%
20Ciudad del Vaticano
42%
12Panamá
42%

Distribución de puntuación

Porcentaje por número respondido

Porcentaje de gente con cada puntuación

Historial de tus puntuaciones

No has intentado esta prueba.